000 00218nam a22000857a 4500
008 160915b xxu||||| |||| 00| 0 eng d
100 _9515
_aGupta.R.G.
245 _aMathematics-8
260 _aNew Delhi
_bAPC Publications
_c2010
999 _c3172
_d3172